000
00281nam a2200121Ia 4500
008
190216s9999||||xx |||||||||||||| ||und||
100
_a
Shakespere
245
4
_a
The Winter`S Tale
260
_b
Cambridge Uty Press
_c
1968
300
_a
206p
650
_a
English Drama
942
_c
BK
999
_c
12430
_d
12430